[Event "XLII Gold Cup"]
[Site "Merano - Meran ITA"]
[Date "2014.04.27"]
[Round "3"]
[White "Spanton, Timothy R."]
[Black "Popa, Claudiu"]
[WhiteElo "1949"]
[BlackElo "2105"]
[Result "1/2-1/2"]
[PlyCount "89"]
[EventDate "2014.04.25"]

1. c4 e6 2. g3 d5 3. Nf3 Nf6 4. Bg2 Be7 5. O-O O-O 6. d4 b6 7. Qc2 Bb7 8. cxd5
exd5 9. Nc3 Na6 10. a3 c5 11. dxc5 bxc5 12. Rd1 Qc8 13. Bg5 d4 14. Bxf6 Bxf6
15. Ne4 Be7 16. Rac1 Qf5 17. Neg5 Qxc2 18. Rxc2 h6 19. Nh3 Be4 20. Rcd2 Bf6 21.
Ne1 Bxg2 22. Kxg2 g5 23. Rc2 Kg7 24. Nd3 Rab8 25. g4 Rfe8 26. Ng1 Re6 27. Rdd2
Be7 28. Nf3 Rb3 29. Nfe5 Rb7 30. h3 f6 31. Nf3 Rb3 32. Nc1 Rb7 33. b4 Re4 34.
Nd3 cxb4 35. axb4 Nxb4 36. Nxb4 Bxb4 37. Rxd4 Rxd4 38. Nxd4 a5 39. Nf5+ Kg6 40.
e4 h5 41. Rc6 hxg4 42. hxg4 Kf7 43. Nh6+ Kg7 44. Nf5+ Kf7 45. Nh6+ 1/2-1/2

[Event "XLII Gold Cup"]
[Site "Merano - Meran ITA"]
[Date "2014.04.27"]
[Round "3"]
[White "Weinberg, Emanuele"]
[Black "Mahrla, Hans"]
[WhiteElo "1735"]
[BlackElo "1842"]
[Result "1-0"]
[PlyCount "61"]
[EventDate "2014.04.25"]

1. d4 Nf6 2. c4 e6 3. Nc3 d5 4. g3 Be7 5. Bg2 Nbd7 6. b3 c6 7. Nf3 Bb4 8. Bd2
Be7 9. O-O h6 10. Qc2 Qc7 11. Bf4 Bd6 12. Bxd6 Qxd6 13. Rad1 O-O 14. e4 dxe4
15. Nxe4 Nxe4 16. Qxe4 Nf6 17. Qc2 b6 18. Rfe1 Bb7 19. Ne5 Rac8 20. c5 Qc7 21.
Nc4 Rcd8 22. Nd6 Ba8 23. b4 Rd7 24. b5 cxb5 25. Nxb5 Qb8 26. c6 Re7 27. d5 Ree8
28. c7 Qc8 29. Nd6 Qd7 30. Nxe8 Nxe8 31. c8=Q 1-0

[Event "XLII Gold Cup"]
[Site "Merano - Meran ITA"]
[Date "2014.04.28"]
[Round "4"]
[White "Alvarez, Luis"]
[Black "Perman, Denis"]
[WhiteElo "1885"]
[BlackElo "1835"]
[Result "0-1"]
[PlyCount "43"]
[EventDate "2014.04.25"]

1. e4 c5 2. Nf3 g6 3. c3 Bg7 4. d4 cxd4 5. Nxd4 Nc6 6. Be3 Nf6 7. f3 O-O 8. Bd3
d5 9. Nxc6 bxc6 10. exd5 Nxd5 11. Bf2 Nf4 12. Bf1 Qxd1+ 13. Kxd1 Rd8+ 14. Ke1
Rb8 15. b3 a5 16. g3 Nd3+ 17. Bxd3 Rxd3 18. Ke2 Ba6 19. c4 Rbd8 20. Na3 Rd2+
21. Ke3 R8d3+ 22. Ke4 0-1

[Event "XLII Gold Cup"]
[Site "Merano - Meran ITA"]
[Date "2014.04.28"]
[Round "4"]
[White "Harsch, Martin"]
[Black "Leimeister, Winfried"]
[WhiteElo "2013"]
[BlackElo "1875"]
[Result "1/2-1/2"]
[PlyCount "32"]
[EventDate "2014.04.25"]

1. e4 c5 2. Nf3 g6 3. c3 Bg7 4. d4 cxd4 5. cxd4 d5 6. e5 Nh6 7. h3 Nc6 8. Be2
O-O 9. O-O Nf5 10. Nc3 e6 11. Be3 Bd7 12. Rc1 Rc8 13. Qd2 f6 14. exf6 Qxf6 15.
Bg5 Qf7 16. Be3 a6 1/2-1/2

[Event "XLII Gold Cup"]
[Site "Merano - Meran ITA"]
[Date "2014.04.28"]
[Round "4"]
[White "Mahrla, Hans"]
[Black "Collins, Alan"]
[WhiteElo "1842"]
[BlackElo "1732"]
[Result "1-0"]
[PlyCount "65"]
[EventDate "2014.04.25"]

1. e4 d6 2. d4 Nf6 3. Bd3 e5 4. c3 Be7 5. Nf3 Bg4 6. Be3 Nbd7 7. Nbd2 O-O 8. h3
Bh5 9. g4 Bg6 10. Qe2 c6 11. Nh2 h5 12. f4 exf4 13. Bxf4 hxg4 14. hxg4 Nh7 15.
O-O-O Re8 16. Nhf3 Ndf8 17. Bc2 Ne6 18. Bg3 d5 19. Ne5 Bxe4 20. Nxe4 dxe4 21.
Bxe4 Bg5+ 22. Kb1 Nef8 23. Qc2 Bh6 24. Rdf1 Ng5 25. Bd3 Nfe6 26. Rf2 Rf8 27.
Rhf1 Rc8 28. Bh4 Qc7 29. Bf5 Rce8 30. Nf3 f6 31. Qb3 Kf7 32. Bxg5 Bxg5 33.
Bxe6+ 1-0

[Event "XLII Gold Cup"]
[Site "Merano - Meran ITA"]
[Date "2014.04.28"]
[Round "4"]
[White "Marek, Herbert"]
[Black "Thonig, Manfred"]
[WhiteElo "1813"]
[BlackElo "1573"]
[Result "1-0"]
[PlyCount "87"]
[EventDate "2014.04.25"]

1. d4 e6 2. c4 Bb4+ 3. Nc3 b6 4. a3 Bxc3+ 5. bxc3 Bb7 6. f3 Qh4+ 7. g3 Qf6 8.
e4 d6 9. Bg2 e5 10. Ne2 h6 11. O-O Na6 12. f4 Qe7 13. fxe5 dxe5 14. Qa4+ c6 15.
Be3 f6 16. Rab1 Qd7 17. Rfd1 Qc7 18. Bh3 Ne7 19. Be6 Rd8 20. d5 Rd6 21. Qb3 Bc8
22. Qa4 Nb8 23. c5 bxc5 24. Bxc5 Bxe6 25. Bxd6 Qxd6 26. dxe6 Qc5+ 27. Kg2 O-O
28. Qb4 Qe3 29. Ng1 c5 30. Qc4 Nbc6 31. Qd3 Qg5 32. Nf3 Qg6 33. Nh4 Qg4 34. Qf3
Qxe6 35. Nf5 Qa2+ 36. Kh3 Qxa3 37. Rd7 Nxf5 38. exf5 Qa2 39. Rbb7 Rf7 40. Rxf7
Nd8 41. Rxg7+ Kf8 42. Rxa7 Qb3 43. Rh7 Qg8 44. Qa8 1-0

[Event "XLII Gold Cup"]
[Site "Merano - Meran ITA"]
[Date "2014.04.28"]
[Round "4"]
[White "Popa, Claudiu"]
[Black "Kock, Hans-Uwe"]
[WhiteElo "2105"]
[BlackElo "2028"]
[Result "1-0"]
[PlyCount "73"]
[EventDate "2014.04.25"]

1. e4 c6 2. d4 d5 3. Nd2 g6 4. Ngf3 Bg7 5. c3 e6 6. Bd3 Nd7 7. O-O Ne7 8. Re1
O-O 9. Nf1 dxe4 10. Bxe4 Nf6 11. Bc2 Qc7 12. Ne5 b6 13. h3 Bb7 14. Bf4 Qd8 15.
Qd2 Rc8 16. Rad1 Ned5 17. Bh6 b5 18. Ng3 Qc7 19. Bxg7 Kxg7 20. Ne4 Nxe4 21.
Rxe4 f6 22. Nd3 Rce8 23. Rde1 Bc8 24. Nc5 Qd6 25. Rh4 h5 26. Rhe4 e5 27. dxe5
Qxc5 28. exf6+ Nxf6 29. Rxe8 Rxe8 30. Rxe8 Nxe8 31. Qd8 Nd6 32. Qe7+ Kh6 33.
Qf8+ Kg5 34. h4+ Kxh4 35. Qf4+ Bg4 36. g3+ Kh3 37. Bd3 1-0

[Event "XLII Gold Cup"]
[Site "Merano - Meran ITA"]
[Date "2014.04.28"]
[Round "4"]
[White "Rumi, Giuseppe"]
[Black "Meul, Willi"]
[WhiteElo "1599"]
[BlackElo "1885"]
[Result "0-1"]
[PlyCount "95"]
[EventDate "2014.04.25"]

1. d4 Nf6 2. c4 g6 3. Nc3 d5 4. cxd5 Nxd5 5. Bd2 Bg7 6. e4 Nxc3 7. Bxc3 c5 8.
d5 Bxc3+ 9. bxc3 O-O 10. Be2 a6 11. Nf3 b5 12. Qd2 Bg4 13. h3 Bxf3 14. gxf3 Qd6
15. h4 Nd7 16. f4 e6 17. c4 exd5 18. e5 Qb6 19. cxd5 c4 20. h5 Rfe8 21. Qc3 Qc5
22. e6 Qxd5 23. exf7+ Qxf7 24. hxg6 Qxg6 25. O-O-O Qf6 26. Qc2 Qxf4+ 27. Kb1
Nf6 28. Rdg1+ Kh8 29. Rg4 Qe5 30. Bf3 Ra7 31. Rg6 Rae7 32. Rgh6 Rg8 33. Rg6
Rxg6 34. Qxg6 Rg7 35. Qc2 Qf4 36. Qe2 c3 37. Bc6 Qb4+ 38. Kc1 Re7 39. Qc2 Qf4+
40. Kb1 Qd2 41. Rd1 Qxc2+ 42. Kxc2 Re2+ 43. Kxc3 Rxa2 44. f3 h5 45. Rd6 Kg7 46.
Bb7 h4 47. Rxa6 Rxa6 48. Bxa6 0-1

[Event "XLII Gold Cup"]
[Site "Merano - Meran ITA"]
[Date "2014.04.28"]
[Round "4"]
[White "Schleime, Franz-Josef"]
[Black "D'Aste, Federico"]
[WhiteElo "1749"]
[BlackElo "1473"]
[Result "1/2-1/2"]
[PlyCount "49"]
[EventDate "2014.04.25"]

1. d4 Nf6 2. Nf3 g6 3. Bf4 Bg7 4. e3 O-O 5. Be2 c5 6. c3 cxd4 7. exd4 d6 8. h3
Qb6 9. Qb3 Qxb3 10. axb3 Be6 11. Nbd2 Nc6 12. O-O b6 13. Ra3 Nd5 14. Bg3 Bd7
15. Bc4 Nc7 16. Rfa1 b5 17. Bd3 a5 18. Be4 b4 19. R3a2 bxc3 20. bxc3 Nb5 21.
Nb1 Rfc8 22. Bf4 e5 23. dxe5 dxe5 24. Bd2 Be6 25. Bxc6 1/2-1/2

[Event "XLII Gold Cup"]
[Site "Merano - Meran ITA"]
[Date "2014.04.29"]
[Round "5"]
[White "Meul, Willi"]
[Black "Spanton, Timothy R."]
[WhiteElo "1885"]
[BlackElo "1949"]
[Result "1/2-1/2"]
[PlyCount "115"]
[EventDate "2014.04.25"]

1. d4 d5 2. Nf3 Nc6 3. Bf4 Bg4 4. e3 e6 5. Nbd2 Bd6 6. Bxd6 cxd6 7. h3 Bh5 8.
Bd3 Nf6 9. g4 Bg6 10. a3 Rc8 11. Qe2 Ne4 12. c4 Nxd2 13. Nxd2 Qa5 14. O-O dxc4
15. Nxc4 Qd5 16. Rac1 Bxd3 17. Qxd3 O-O 18. Qe2 b5 19. Nd2 a5 20. f4 a4 21. Qg2
Qxg2+ 22. Kxg2 Na5 23. Kf3 Nc4 24. Nxc4 bxc4 25. Rc3 d5 26. Rf2 Rb8 27. Rd2 Rb6
28. Ke2 Rfb8 29. Rcc2 f5 30. Kd1 Rb3 31. Ke2 c3 32. bxc3 Rxa3 33. Kd3 Rbb3 34.
g5 Kf7 35. h4 Kg6 36. Rg2 Ra1 37. Ra2 Rc1 38. Rgc2 Rd1+ 39. Rd2 Rxd2+ 40. Kxd2
a3 41. Kc2 Rb2+ 42. Rxb2 axb2 43. Kxb2 Kh5 44. c4 dxc4 45. Kc3 Kxh4 46. Kxc4
Kg4 47. Kc5 h5 48. gxh6 gxh6 49. Kd6 h5 50. Kxe6 h4 51. d5 h3 52. d6 h2 53. d7
h1=Q 54. d8=Q Qe4+ 55. Kf7 Kf3 56. Kf6 Kxe3 57. Qb6+ Kf3 58. Qb3+ 1/2-1/2

[Event "XLII Gold Cup"]
[Site "Merano - Meran ITA"]
[Date "2014.04.29"]
[Round "5"]
[White "Neumann, Han H.W.M."]
[Black "Harsch, Martin"]
[WhiteElo "2098"]
[BlackElo "2013"]
[Result "1/2-1/2"]
[PlyCount "40"]
[EventDate "2014.04.25"]

1. e4 c6 2. Ne2 d5 3. e5 b6 4. d4 Ba6 5. e6 Nf6 6. Nd2 Qd6 7. exf7+ Kxf7 8. Nf3
Nbd7 9. c3 h6 10. Qa4 Bxe2 11. Bxe2 e5 12. dxe5 Nxe5 13. Bf4 Nxf3+ 14. gxf3 Qd7
15. Be5 Bd6 16. Bxf6 Kxf6 17. O-O-O b5 18. Qc2 Bf4+ 19. Kb1 g5 20. h4 Rae8
1/2-1/2

[Event "XLII Gold Cup"]
[Site "Merano - Meran ITA"]
[Date "2014.04.29"]
[Round "5"]
[White "Perman, Denis"]
[Black "Eilers, Jochen"]
[WhiteElo "1835"]
[BlackElo "2032"]
[Result "1/2-1/2"]
[PlyCount "30"]
[EventDate "2014.04.25"]

1. e4 c5 2. c3 d6 3. d4 Nf6 4. Bd3 g6 5. f4 Bg7 6. Nf3 O-O 7. O-O cxd4 8. cxd4
Nc6 9. h3 Qb6 10. Be3 e5 11. Nc3 Nxd4 12. Nxd4 exd4 13. Na4 Qa5 14. Bxd4 Bd7
15. Nc3 Bc6 1/2-1/2

[Event "XLII Gold Cup"]
[Site "Merano - Meran ITA"]
[Date "2014.04.29"]
[Round "5"]
[White "Perman, Sergey"]
[Black "Popa, Claudiu"]
[WhiteElo "2150"]
[BlackElo "2105"]
[Result "1/2-1/2"]
[PlyCount "37"]
[EventDate "2014.04.25"]

1. e4 e5 2. Nf3 Nf6 3. Nxe5 d6 4. Nc4 Nxe4 5. Nc3 Nxc3 6. bxc3 Be7 7. d4 O-O 8.
Bd3 Nd7 9. O-O Nf6 10. Qf3 Rb8 11. Rb1 b6 12. Ne3 g6 13. Re1 Re8 14. c4 Bf8 15.
Bb2 Bg7 16. d5 Nd7 17. Bxg7 Kxg7 18. Qg3 Nc5 19. Nf1 1/2-1/2

[Event "XLII Gold Cup"]
[Site "Merano - Meran ITA"]
[Date "2014.04.29"]
[Round "5"]
[White "Wulf, Adalbert"]
[Black "Rumi, Giuseppe"]
[WhiteElo "1949"]
[BlackElo "1599"]
[Result "1/2-1/2"]
[PlyCount "45"]
[EventDate "2014.04.25"]

1. d4 d5 2. Nf3 Nf6 3. c4 e6 4. Nc3 Be7 5. Qc2 O-O 6. e3 c5 7. Be2 dxc4 8. Bxc4
Nc6 9. dxc5 Bxc5 10. a3 a6 11. O-O b5 12. Be2 Qb6 13. b4 Bd6 14. Bb2 Bb7 15.
Rac1 Rac8 16. Qb1 Rfd8 17. Rfd1 Ne7 18. Ng5 Nf5 19. Nce4 Nxe4 20. Nxe4 Rxc1 21.
Bxc1 Be5 22. Rxd8+ Qxd8 23. g3 1/2-1/2

[Event "XLII Gold Cup"]
[Site "Merano - Meran ITA"]
[Date "2014.04.30"]
[Round "6"]
[White "D'Aste, Federico"]
[Black "Sieghardt, Walter"]
[WhiteElo "1473"]
[BlackElo "1610"]
[Result "1/2-1/2"]
[PlyCount "98"]
[EventDate "2014.04.25"]

1. e4 e6 2. Qe2 Bc5 3. c3 a6 4. d4 Ba7 5. Nf3 h6 6. Qc2 Ne7 7. Bd3 d6 8. O-O
Nbc6 9. Re1 O-O 10. Be3 b5 11. Nbd2 Bb7 12. c4 Nb4 13. Qc3 Nxd3 14. Qxd3 bxc4
15. Nxc4 d5 16. Ncd2 dxe4 17. Nxe4 c5 18. Bxh6 Nf5 19. Be3 cxd4 20. Bf4 f6 21.
Ned2 Qd5 22. b3 Rac8 23. Qe2 e5 24. Bg3 Nxg3 25. hxg3 Rfe8 26. Qe4 Qd7 27. Qg6
Bd5 28. Ne4 Qf7 29. Qxf7+ Bxf7 30. Nd6 Rc2 31. Nxe8 Bxe8 32. Rec1 Bg6 33. Rxc2
Bxc2 34. Rc1 d3 35. Kf1 e4 36. Nd2 e3 37. fxe3 Bxe3 38. Ke1 Kf7 39. b4 Ke7 40.
a3 Kd7 41. Ra1 Bd4 42. Ra2 Bc3 43. a4 Bb3 44. Ra3 Bxd2+ 45. Kxd2 Bc2 46. Rxd3+
Bxd3 47. Kxd3 Kd6 48. Kc4 Kc6 49. Kd4 Kd6 1/2-1/2

[Event "XLII Gold Cup"]
[Site "Merano - Meran ITA"]
[Date "2014.04.30"]
[Round "6"]
[White "Harsch, Martin"]
[Black "Mahrla, Hans"]
[WhiteElo "2013"]
[BlackElo "1842"]
[Result "1-0"]
[PlyCount "51"]
[EventDate "2014.04.25"]

1. e4 e6 2. d4 d5 3. Nd2 c5 4. Ngf3 dxe4 5. Nxe4 cxd4 6. Nxd4 a6 7. c3 Nf6 8.
Bd3 Be7 9. O-O O-O 10. Qe2 Bd7 11. Rd1 Qc7 12. Nxf6+ Bxf6 13. h4 Nc6 14. Nf3
Rad8 15. Bg5 Bxg5 16. Bxh7+ Kh8 17. Nxg5 g6 18. Nxf7+ Kxh7 19. Nxd8 Nxd8 20. h5
Bc6 21. hxg6+ Kg7 22. Qd2 Qe7 23. Re1 Rh8 24. Qd4+ Kg8 25. Rad1 Bd5 26. Qxd5
1-0

[Event "XLII Gold Cup"]
[Site "Merano - Meran ITA"]
[Date "2014.04.30"]
[Round "6"]
[White "Meul, Willi"]
[Black "Perman, Sergey"]
[WhiteElo "1885"]
[BlackElo "2150"]
[Result "0-1"]
[PlyCount "67"]
[EventDate "2014.04.25"]

1. d4 g6 2. c4 Bg7 3. e4 d6 4. Nc3 Nf6 5. Nf3 O-O 6. Be2 Bg4 7. Be3 Nfd7 8. Nd2
Bxe2 9. Qxe2 Nc6 10. Nb3 e5 11. Rd1 exd4 12. Nxd4 Re8 13. f3 Nce5 14. O-O h5
15. Nd5 c6 16. Nf4 Qe7 17. Qc2 Nb6 18. b3 Rad8 19. Bc1 d5 20. c5 Nbd7 21. exd5
Nxc5 22. b4 Na6 23. a3 cxd5 24. Qb3 Nc4 25. Nb5 Ne3 26. Rfe1 d4 27. Bxe3 dxe3
28. Rxd8 Rxd8 29. Qxe3 Qg5 30. a4 Nxb4 31. Qe4 Qc5+ 32. Kf1 a6 33. Qxb7 axb5
34. axb5 0-1

[Event "XLII Gold Cup"]
[Site "Merano - Meran ITA"]
[Date "2014.04.30"]
[Round "6"]
[White "Thonig, Manfred"]
[Black "Collins, Alan"]
[WhiteElo "1573"]
[BlackElo "1732"]
[Result "0-1"]
[PlyCount "58"]
[EventDate "2014.04.25"]

1. f4 c6 2. Nf3 d5 3. e3 Nf6 4. d4 g6 5. Bd3 Bg7 6. O-O Bg4 7. Nbd2 O-O 8. c3
a5 9. b3 Qc7 10. Qc2 e6 11. Ne5 Bf5 12. Ba3 Rc8 13. Rac1 Bf8 14. Bb2 Nbd7 15.
a4 Nxe5 16. fxe5 Ng4 17. Rce1 Qe7 18. h3 Nh6 19. e4 dxe4 20. Bxe4 c5 21. c4
cxd4 22. Bxd4 Rd8 23. Be3 Rd7 24. Kh2 Kh8 25. g3 Qb4 26. g4 Bxg4 27. c5 Bf5 28.
Bxf5 Nxf5 29. Rf4 Nxe3 0-1

[Event "XLII Gold Cup"]
[Site "Merano - Meran ITA"]
[Date "2014.05.01"]
[Round "7"]
[White "Collins, Alan"]
[Black "D'Aste, Federico"]
[WhiteElo "1732"]
[BlackElo "1473"]
[Result "1-0"]
[PlyCount "35"]
[EventDate "2014.04.25"]

1. f4 Nf6 2. Nf3 g6 3. d3 d5 4. g3 Bg7 5. Bg2 d4 6. c3 c5 7. O-O Ng4 8. h3 Ne3
9. Bxe3 dxe3 10. Qc1 Qb6 11. Na3 Be6 12. Ng5 Nd7 13. Nxe6 Qxe6 14. Nc4 O-O 15.
Rf3 Rab8 16. Rxe3 Qf5 17. Rxe7 Rfe8 18. Nd6 1-0

[Event "XLII Gold Cup"]
[Site "Merano - Meran ITA"]
[Date "2014.05.01"]
[Round "7"]
[White "Harsch, Martin"]
[Black "Popa, Claudiu"]
[WhiteElo "2013"]
[BlackElo "2105"]
[Result "1/2-1/2"]
[PlyCount "33"]
[EventDate "2014.04.25"]

1. e4 e5 2. Nf3 Nf6 3. Nxe5 d6 4. Nf3 Nxe4 5. Nc3 Nxc3 6. dxc3 Be7 7. Bf4 O-O
8. Qd2 Be6 9. Nd4 Qd7 10. Nxe6 Qxe6+ 11. Qe3 Nd7 12. Qxe6 fxe6 13. Be3 Nf6 14.
Bc4 d5 15. Be2 e5 16. O-O-O c6 17. h3 1/2-1/2

[Event "XLII Gold Cup"]
[Site "Merano - Meran ITA"]
[Date "2014.05.01"]
[Round "7"]
[White "Mahrla, Hans"]
[Black "Alvarez, Luis"]
[WhiteElo "1842"]
[BlackElo "1885"]
[Result "1/2-1/2"]
[PlyCount "54"]
[EventDate "2014.04.25"]

1. e4 d5 2. exd5 Qxd5 3. Nc3 Qa5 4. d4 Nf6 5. Bd2 c6 6. Nf3 Bf5 7. Be2 Qc7 8.
O-O e6 9. g3 Bd6 10. Re1 O-O 11. Nh4 Bh3 12. Bg5 Nbd7 13. Ng2 h6 14. Bf4 e5 15.
dxe5 Nxe5 16. Bd2 Rad8 17. Nf4 Bg4 18. Bxg4 Nexg4 19. h3 Ne5 20. Kg2 Nc4 21.
Bc1 Bxf4 22. Bxf4 Rxd1 23. Bxc7 Rxa1 24. Rxa1 Rc8 25. Bf4 g5 26. Be3 Nxe3+ 27.
fxe3 Re8 1/2-1/2

[Event "XLII Gold Cup"]
[Site "Merano - Meran ITA"]
[Date "2014.05.01"]
[Round "7"]
[White "Neumann, Han H.W.M."]
[Black "Kock, Hans-Uwe"]
[WhiteElo "2098"]
[BlackElo "2028"]
[Result "1-0"]
[PlyCount "51"]
[EventDate "2014.04.25"]

1. e4 c6 2. d4 d5 3. Nd2 g6 4. Ngf3 Bg7 5. Bd3 e6 6. O-O Nd7 7. Re1 Ne7 8. e5
O-O 9. Nf1 c5 10. c3 Nc6 11. Be3 c4 12. Bc2 b5 13. Qd2 Re8 14. Bh6 Bh8 15. Ng5
Nf8 16. Ne3 Ne7 17. Ng4 Nf5 18. Qf4 Qc7 19. Qf3 Nd7 20. Bxf5 gxf5 21. Nf6+ Nxf6
22. exf6 Bxf6 23. Qxf5 Bg7 24. Qxh7+ Kf8 25. Qxg7+ Ke7 26. Nxf7 1-0

[Event "XLII Gold Cup"]
[Site "Merano - Meran ITA"]
[Date "2014.05.02"]
[Round "8"]
[White "Marek, Herbert"]
[Black "Rumi, Giuseppe"]
[WhiteElo "1813"]
[BlackElo "1599"]
[Result "0-1"]
[PlyCount "56"]
[EventDate "2014.04.25"]

1. d4 d5 2. c4 e6 3. Nc3 Be7 4. Nf3 Nf6 5. e3 O-O 6. Bd3 dxc4 7. Bxc4 c5 8. O-O
Nc6 9. a3 cxd4 10. exd4 a6 11. b4 b5 12. Bd3 Bb7 13. Bb2 Rc8 14. Rc1 Qd6 15.
Ne4 Nxe4 16. Bxe4 Bf6 17. Qe2 Rfd8 18. Rcd1 Qe7 19. Ne5 Nb8 20. Bxb7 Qxb7 21.
f4 Nd7 22. f5 exf5 23. Rxf5 Nxe5 24. dxe5 Rxd1+ 25. Qxd1 Qe4 26. Qf1 Rc2 27.
exf6 Rxb2 28. fxg7 Rb1 0-1

[Event "XLII Gold Cup"]
[Site "Merano - Meran ITA"]
[Date "2014.05.02"]
[Round "8"]
[White "Meul, Willi"]
[Black "Bauer, Dieter"]
[WhiteElo "1885"]
[BlackElo "1733"]
[Result "1/2-1/2"]
[PlyCount "58"]
[EventDate "2014.04.25"]

1. d4 c5 2. e3 b6 3. Nf3 Bb7 4. Bd3 Nf6 5. Nbd2 g6 6. O-O Bg7 7. c3 O-O 8. e4
cxd4 9. cxd4 d5 10. e5 Nfd7 11. Qe2 e6 12. b3 Nc6 13. Ba3 Re8 14. Rac1 f6 15.
Bb5 Rc8 16. Bxc6 Bxc6 17. exf6 Bxf6 18. Bd6 Bb7 19. Ne5 Nxe5 20. Bxe5 Be7 21.
Nf3 Ba3 22. Rc2 Qe7 23. Rd1 Ba6 24. Qd2 Rxc2 25. Qxc2 Rc8 26. Qd2 Rc6 27. Ne1
Bb4 28. Qb2 Ba3 29. Qd2 Bb4 1/2-1/2

[Event "XLII Gold Cup"]
[Site "Merano - Meran ITA"]
[Date "2014.05.02"]
[Round "8"]
[White "Perman, Denis"]
[Black "Harsch, Martin"]
[WhiteElo "1835"]
[BlackElo "2013"]
[Result "0-1"]
[PlyCount "54"]
[EventDate "2014.04.25"]

1. e4 c6 2. d4 d5 3. Nd2 dxe4 4. Nxe4 Nd7 5. Nf3 Ngf6 6. Ng3 e6 7. Bf4 Qb6 8.
Rb1 c5 9. c3 cxd4 10. Qxd4 Bc5 11. Qd2 O-O 12. Bd3 e5 13. Be3 Re8 14. Be4 Bxe3
15. Qxe3 Qxe3+ 16. fxe3 Nc5 17. Bc2 Be6 18. Ra1 Ng4 19. e4 Ne3 20. Kd2 Nxg2 21.
Nxe5 Rad8+ 22. Ke2 f6 23. Nf3 Bc4+ 24. Kf2 Nf4 25. b4 Ncd3+ 26. Ke3 Ng2+ 27.
Ke2 Nxb4+ 0-1

[Event "XLII Gold Cup"]
[Site "Merano - Meran ITA"]
[Date "2014.05.02"]
[Round "8"]
[White "Popa, Claudiu"]
[Black "Leimeister, Winfried"]
[WhiteElo "2105"]
[BlackElo "1875"]
[Result "1-0"]
[PlyCount "91"]
[EventDate "2014.04.25"]

1. e4 c5 2. c3 g6 3. d4 Bg7 4. dxc5 Qc7 5. Be3 Nf6 6. f3 O-O 7. Na3 Rd8 8. Bc4
Nc6 9. Nb5 Qb8 10. Ne2 a6 11. Nbd4 d5 12. cxd6 Rxd6 13. Qb3 Ne5 14. Bf4 Nfd7
15. Bxe5 Nxe5 16. O-O Nxc4 17. Qxc4 b5 18. Qb4 Qb6 19. Kh1 Bd7 20. Nb3 Rc8 21.
Rfd1 Be5 22. Rxd6 Bxd6 23. Qd4 Qc7 24. g3 Be6 25. Kg2 a5 26. Qe3 Bd7 27. Nf4 e6
28. Nd3 e5 29. Nbc1 Be6 30. a3 Be7 31. Ne2 Rd8 32. Rd1 Bb3 33. Rd2 Qd7 34. Nec1
Be6 35. Rc2 f6 36. Nc5 Qd1 37. Rf2 Bxc5 38. Qxc5 Qxc1 39. Qe7 Rd1 40. Qxe6+ Kg7
41. Qe7+ Kg8 42. Qxf6 Rh1 43. Qd8+ Kg7 44. Qd7+ Kf6 45. Kh3 Qb1 46. Qd6+ 1-0

[Event "XLII Gold Cup"]
[Site "Merano - Meran ITA"]
[Date "2014.05.02"]
[Round "8"]
[White "Schleime, Franz-Josef"]
[Black "Mahrla, Hans"]
[WhiteElo "1749"]
[BlackElo "1842"]
[Result "1/2-1/2"]
[PlyCount "61"]
[EventDate "2014.04.25"]

1. d4 d5 2. Nf3 Nf6 3. Bf4 e6 4. e3 Bd6 5. Bg3 O-O 6. Nbd2 b6 7. Ne5 Bb7 8. f4
c5 9. c3 Nc6 10. Bd3 Rc8 11. Bh4 Be7 12. Bxf6 Bxf6 13. Ndf3 Nxe5 14. Nxe5 Bxe5
15. fxe5 Qg5 16. Qe2 f5 17. O-O Rc7 18. Rf3 Rcf7 19. Raf1 g6 20. Qf2 c4 21. Bc2
b5 22. Rf4 Bc8 23. a4 a6 24. axb5 axb5 25. Ra1 Qe7 26. Qe2 b4 27. Qd2 bxc3 28.
bxc3 g5 29. Rf2 f4 30. exf4 Rxf4 31. Raf1 1/2-1/2

[Event "XLII Gold Cup"]
[Site "Merano - Meran ITA"]
[Date "2014.05.03"]
[Round "9"]
[White "Alvarez, Luis"]
[Black "Wulf, Adalbert"]
[WhiteElo "1885"]
[BlackElo "1949"]
[Result "0-1"]
[PlyCount "58"]
[EventDate "2014.04.25"]

1. e4 e6 2. d4 d5 3. e5 c5 4. c3 Qb6 5. Nf3 Nc6 6. Bd3 Bd7 7. dxc5 Bxc5 8. Qe2
Qc7 9. Bf4 Nge7 10. O-O Ng6 11. Bg3 O-O 12. Nbd2 a6 13. Rac1 b5 14. Kh1 Qa7 15.
h4 f5 16. exf6 Rxf6 17. Bxg6 hxg6 18. Ng5 e5 19. f3 Re8 20. Qd3 Ne7 21. Bxe5
Bf5 22. Qe2 Ref8 23. f4 Bc8 24. Ndf3 Nf5 25. Kh2 Ne3 26. Rfe1 Ng4+ 27. Kg3 Bf2+
28. Kh3 Nxe5+ 29. Kh2 Ng4+ 0-1

[Event "XLII Gold Cup"]
[Site "Merano - Meran ITA"]
[Date "2014.05.03"]
[Round "9"]
[White "Eilers, Jochen"]
[Black "Popa, Claudiu"]
[WhiteElo "2032"]
[BlackElo "2105"]
[Result "1/2-1/2"]
[PlyCount "36"]
[EventDate "2014.04.25"]

1. e4 e5 2. Bc4 Nf6 3. d3 d6 4. Nf3 Be7 5. c3 O-O 6. Bb3 Nbd7 7. Nbd2 Nc5 8.
Bc2 Ne6 9. O-O c5 10. Nc4 b5 11. Ne3 g6 12. Nd5 Nxd5 13. exd5 Nf4 14. d4 Bf6
15. Bxf4 exf4 16. Qd2 Bb7 17. Qxf4 Bxd5 18. dxc5 Bxf3 1/2-1/2

[Event "XLII Gold Cup"]
[Site "Merano - Meran ITA"]
[Date "2014.05.03"]
[Round "9"]
[White "Harsch, Martin"]
[Black "Braun, Eric"]
[WhiteElo "2013"]
[BlackElo "1817"]
[Result "1-0"]
[PlyCount "75"]
[EventDate "2014.04.25"]

1. e4 c5 2. Nf3 g6 3. g3 Bg7 4. Bg2 Nc6 5. c3 d6 6. O-O Nf6 7. Qe2 Bg4 8. h3
Bxf3 9. Qxf3 O-O 10. d3 Rb8 11. a4 Qc7 12. Na3 Nd7 13. Be3 Qa5 14. Nc4 Nde5 15.
Nxe5 Nxe5 16. Qe2 Qa6 17. Rfd1 Rbc8 18. f4 Nc6 19. Qd2 b5 20. axb5 Qxb5 21. d4
cxd4 22. cxd4 Rc7 23. Rdc1 Rfc8 24. e5 dxe5 25. dxe5 a5 26. Bxc6 Rxc6 27. Rxc6
Qxc6 28. Rxa5 Qe4 29. Rc5 Ra8 30. Kh2 h5 31. Qg2 Qxg2+ 32. Kxg2 Rb8 33. Bd4 e6
34. Rc7 Bf8 35. Kf3 Rb3+ 36. Bc3 Kg7 37. Ke4 Bb4 38. Rb7 1-0

[Event "XLII Gold Cup"]
[Site "Merano - Meran ITA"]
[Date "2014.05.03"]
[Round "9"]
[White "Kock, Hans-Uwe"]
[Black "Perman, Sergey"]
[WhiteElo "2028"]
[BlackElo "2150"]
[Result "1-0"]
[PlyCount "88"]
[EventDate "2014.04.25"]

1. d4 Nf6 2. c4 g6 3. Nc3 Bg7 4. e4 d6 5. Nf3 O-O 6. Be2 Bg4 7. O-O Nfd7 8. Be3
e5 9. Bg5 f6 10. Be3 c5 11. dxc5 dxc5 12. Qd5+ Kh8 13. Qxb7 Qb6 14. Qxb6 axb6
15. Rfd1 Nc6 16. h3 Bxf3 17. Rxd7 Bxe2 18. Nxe2 Rfd8 19. Rxd8+ Rxd8 20. Nc3 Nd4
21. Bxd4 exd4 22. Nd5 Rd6 23. Re1 Kg8 24. f4 Kf7 25. Kf2 Re6 26. Kf3 Bf8 27.
Rd1 Be7 28. Rd3 Bd8 29. g4 g5 30. f5 Rd6 31. Ra3 Rd7 32. Ke2 Kg7 33. Kd3 h5 34.
Ra8 hxg4 35. hxg4 Kf7 36. Rb8 Rd6 37. Rb7+ Ke8 38. a3 Kf8 39. b4 Ke8 40. a4 Rd7
41. Rb8 Rd6 42. bxc5 bxc5 43. Rc8 Ra6 44. Nc7+ Kd7 1-0

[Event "XLII Gold Cup"]
[Site "Merano - Meran ITA"]
[Date "2014.05.03"]
[Round "9"]
[White "Neumann, Han H.W.M."]
[Black "Hager, Eberhard"]
[WhiteElo "2098"]
[BlackElo "1882"]
[Result "1-0"]
[PlyCount "81"]
[EventDate "2014.04.25"]

1. e4 e5 2. Nf3 d6 3. Bc4 Be7 4. d4 Nd7 5. dxe5 Nxe5 6. Nxe5 dxe5 7. Qh5 g6 8.
Qxe5 Nf6 9. Bh6 Rg8 10. Bg5 Ng4 11. Qxe7+ Qxe7 12. Bxe7 Kxe7 13. Nc3 c6 14. O-O
a5 15. a4 Rf8 16. Rad1 Be6 17. Bxe6 fxe6 18. Rd2 Rad8 19. Rfd1 Rxd2 20. Rxd2
Ne5 21. b3 Rb8 22. f4 Nd7 23. Kf2 b5 24. e5 bxa4 25. Nxa4 Rb4 26. g3 c5 27. Nb2
Nb6 28. Ke2 Nd5 29. Rd3 g5 30. c4 Nb6 31. fxg5 a4 32. Nxa4 Nxa4 33. bxa4 Rxa4
34. Rb3 Rxc4 35. Rb7+ Kf8 36. Rxh7 Re4+ 37. Kf3 Rxe5 38. Kf4 Re2 39. h4 c4 40.
Rc7 Rc2 41. Ke5 1-0